Špecifiká slobodného povolania (podnikania ako slobodný umelec) bakalárska práca

Salvato in:
Dettagli Bibliografici
Autore principale: Körmendyová, Miroslava
Ente Autore: Fakulta podnikového manažmentu EU. Katedra podnikovohospodárska
Altri autori: Gajdová, Denisa, 1977-
Natura: Libro
Lingua:slovacco
Pubblicazione: Bratislava 2018
Tags: Aggiungi Tag
Nessun Tag, puoi essere il primo ad aggiungerne!!

MARC

LEADER 00000nbm a2200000 4500
001 0244919
005 20181009111816.1
041 0 |a slo 
044 |a SK 
245 1 0 |a Špecifiká slobodného povolania (podnikania ako slobodný umelec)  |b bakalárska práca  |c Miroslava Körmendyová ; školiteľ: Denisa Gajdová 
264 1 |a Bratislava  |c 2018 
300 |a 50 s. 
100 1 |a Körmendyová, Miroslava 
700 1 |a Gajdová, Denisa, 1977- 
710 2 |a Fakulta podnikového manažmentu EU. Katedra podnikovohospodárska